Greek/Latin Roots GwayOG Quiz Stats

 Plays Quiz not verified by Sporcle

Challenge
Share
Tweet
Embed
Score 0/105 Timer 20:00
0 Plays Today
Root Root meaning % Correct
AbFrom, away, apart|Absolve
100%
Ambi, amphi Both|ambivalent
60%
Ann, ennYear|perennial
60%
Ant, antiAgainst, opposite|antithesis
60%
ArchChief, first|matriarch
60%
Ast, astrStar|asterisk
60%
Belli, bellWar|belligerent
60%
Bene, bonGood|benefactor
60%
CataDown|cataclysm
60%
Caus, cautHeat, burn|caustic
60%
CelerSwift|celerity
60%
CentriCenter|eccentric
60%
ChronTime|anachronism
60%
Cide, cise Cut down, kill|genocide
60%
CircumAround|circumlocution
60%
Clud, clus, clausShut|recluse
60%
Co, col, com, conWith, together|conspire
60%
Cogn, gnoKnow|incognito
60%
Contro, contraAgainst|incontrovertible
60%
Cor, cardiHeart|cordial
60%
CosmWorld, universe|cosmopolitan
60%
CredBelieve|credo
60%
CulpBlame, fault|culpable
60%
Curr, curs Run|concurrent
60%
Dia Across|diametrically
60%
DoxOpinion, praise|paradox
60%
Duc, ductLead|induce
60%
En, emIn, into|encumber
60%
ErgWork|ergophobia
60%
FerBear, carry|defer
60%
Flu, fluxFlow|superfluous
60%
ForeBefore|foreboding
60%
FusPour|effusive
60%
Gastr(o)Stomach|gastritis
60%
GenBirth, race|genealogy
60%
Root Root meaning % Correct
GeoEarth|geothermal
60%
Graph, gramWriting|epigram
60%
GravHeavy|grave
60%
Hemi, Demi, semiHalf|hemisphere
60%
HyperToo much, excess|hyperbole
60%
HypoToo little, under|hypochondriac
60%
Il, ir, ig, im, inNot|ignoble
60%
InterBetween, among|Intervene
60%
LeviLight|Alleviate
60%
Loqu, locSpeech, thought|loquacious
60%
Luc, lumLight|lucid
60%
Mag, magnGreat|magnanimous
60%
MalBad|malevolent
60%
Ced, cessYield, go|incessant
40%
ManHand|Emancipate
40%
Medi Middle|mediator
40%
MemRemember|commemorate
40%
Miss, mitSend|intermittent
40%
MonTo warn|admonish
40%
Mor, mortDead|morbid
40%
MorphForm|amorphous
40%
MutChange|immutable
40%
Nat, nascBorn|innate
40%
NeoNew|neophyte
40%
NovNew|innovate
40%
NymName|pseudonym
40%
OmniAll, every|omnipotent
40%
PanAll|panacea
40%
Ped, podFoot|impede
40%
Pels, pulsDrive, urge|repulsive
40%
Pend, pens, pondWeigh, hang|pensive
40%
PhilLove|bibliophile
40%
PlacCalm, please|placate
40%
PortCarry|deportment
40%
Pos, pon, poundPut, place|juxtapose
40%
Root Root meaning % Correct
ProtoFirst|prototype
40%
PsychMind, soul|psychosis
40%
QuadFour|quadruple
40%
ReAgain|reiterate
40%
RetroBackwards|retrospective
40%
Rog, roga Ask|prerogative
40%
Sed, sess, sidSit|sedentary
40%
ServSave, serve|subservient
40%
SubUnder|subjugate
40%
Tact, tang, ting, tag, tigTouch|intangible
40%
TeleFar|telepathy
40%
Ten, tin, tainHold|untenable
40%
TransAcross|transcend
40%
UniOne|unilateral
40%
VerTruth|veracity
40%
Vert, versTurn|aversion
40%
Viv, vitLife|vivacious
40%
Voc, vokCall|revoke
40%
Cap,cipHead|recapitulate
33.3%
Path, pathyFeeling, suffering|empathy
20%
SeAway, apart|secede
0%
DeDown,out,apart|debase
0%
Lig, li, lyBind|oblige
0%
PetSeek, go towards|petition
0%
Tend, tens, tentStretch|distend
0%
Vid, visTo see|avid
0%
A,anNot, without|amoral
0%
Ac,acrSharp, sour|exarbate
0%
Ad,aTo, towards | adhere
0%
Ali,altrAnother|altruism
0%
Am, amiLove|amiable
0%
Capt,ceptTake, hold| captivate
0%
Doc, doctTeach|docile
0%
Ex,eOut|egregious
0%
Fed, fidFaith, trust|fidelity
0%

You're not logged in!

Compare scores with friends on all Sporcle quizzes.
OR
Log In

You Might Also Like...

Show Comments

Extras

Top Quizzes Today


Score Distribution

Your Account Isn't Verified!

In order to create a playlist on Sporcle, you need to verify the email address you used during registration. Go to your Sporcle Settings to finish the process.

Report this User

Report this user for behavior that violates our Community Guidelines.

Details: